[Event "XXIII Memorial Edoardo Crespi Open"]
[Site "Milano ITA"]
[Date "2002.12.04"]
[Round "4"]
[White "Mazzariol, Oscar"]
[Black "Brovelli, Claudio"]
[Result "0-1"]
[WhiteElo "2141"]
[BlackElo "2180"]
[PlyCount "128"]
[EventDate "2002.12.02"]

1. e4 e6 2. d4 d5 3. e5 c5 4. c3 Nc6 5. Nf3 Bd7 6. a3 a5 7. Bd3 Nge7 8. O-O Ng6
9. Re1 Qb6 10. Bc2 Be7 11. b3 Rc8 12. Be3 cxd4 13. cxd4 Na7 14. Nbd2 Nb5 15.
Nb1 Na7 16. Bg5 Bf8 17. Qd2 Bb5 18. Nc3 Qc7 19. Nxb5 Nxb5 20. Bd3 Qb6 21. a4
Na7 22. Rec1 Nc6 23. h4 Bb4 24. Qe2 Nge7 25. Be3 h6 26. Rc2 Kd7 27. Bb5 Kc7 28.
Bxc6 bxc6 29. Ne1 Nf5 30. Nd3 Kd7 31. Nxb4 Qxb4 32. Qd3 Rb8 33. Rac1 Rhc8 34.
Rc3 h5 35. g3 Rb6 36. Qd1 g6 37. Qf3 Qa3 38. Qd1 Rcb8 39. Qc2 Rc8 40. Kg2 Qb4
41. Qd3 Rcb8 42. R1c2 Qa3 43. Bc1 Qb4 44. Ra2 Qxd4 45. Qxd4 Nxd4 46. Be3 c5 47.
Rxc5 Nxb3 48. Rc3 d4 49. Bxd4 Nxd4 50. Rd2 Rb4 51. Rcd3 Rxa4 52. Rxd4+ Rxd4 53.
Rxd4+ Kc6 54. Rd6+ Kb5 55. Rd7 Ra8 56. Rxf7 a4 57. Rb7+ Kc4 58. f4 a3 59. Rb1
Kd3 60. Kf3 a2 61. Rd1+ Kc2 62. Rf1 a1=Q 63. Rxa1 Rxa1 64. g4 Ra3+ 0-1

[Event "XXIII Memorial Edoardo Crespi Open"]
[Site "Milano ITA"]
[Date "2002.12.04"]
[Round "4"]
[White "Mazzini, Antonio"]
[Black "Astengo, Marcello"]
[Result "1/2-1/2"]
[WhiteElo "2122"]
[BlackElo "2092"]
[PlyCount "125"]
[EventDate "2002.12.02"]

1. d4 d5 2. Nf3 Nf6 3. e3 c6 4. c4 Qb6 5. Nc3 Bf5 6. Nh4 Bg4 7. Qb3 Qxb3 8.
axb3 e6 9. f3 Bh5 10. g4 Bg6 11. Nxg6 hxg6 12. g5 Ng8 13. c5 Be7 14. f4 e5 15.
fxe5 Bxg5 16. e4 Bh4+ 17. Kd1 dxe4 18. Nxe4 Be7 19. Bg2 Nh6 20. Be3 Nf5 21. Ke2
Na6 22. Bf2 Nb4 23. Nd6+ Nxd6 24. cxd6 Bd8 25. Rac1 Bb6 26. h4 Nd5 27. Bxd5
cxd5 28. Kd3 Kd7 29. Be3 Rac8 30. Bg5 Rxc1 31. Rxc1 Ke6 32. Rc2 Rf8 33. Be7 Rh8
34. Bg5 Rh5 35. Rc8 f6 36. Re8+ Kd7 37. Re7+ Kc6 38. exf6 gxf6 39. Bxf6 Kxd6
40. Rg7 Rf5 41. Be5+ Kc6 42. Rxg6+ Kb5 43. Rd6 Rf3+ 44. Ke2 Rxb3 45. Rxd5+ Kc4
46. Rd7 Rxb2+ 47. Kf3 Ba5 48. h5 Bd2 49. Bg7 Rb6 50. h6 Bxh6 51. Bxh6 Rxh6 52.
Rxb7 a5 53. Ra7 Kb4 54. Ke4 a4 55. Rb7+ Kc3 56. Rc7+ Kb3 57. Rb7+ Ka2 58. Ra7
a3 59. d5 Kb2 60. Ke5 a2 61. Rb7+ Kc3 62. Ra7 Kb2 63. Rb7+ 1/2-1/2

[Event "XXIII Memorial Edoardo Crespi Open"]
[Site "Milano ITA"]
[Date "2002.12.04"]
[Round "4"]
[White "Popa, Florin"]
[Black "Contin, Daniel"]
[Result "0-1"]
[WhiteElo "2193"]
[BlackElo "2330"]
[PlyCount "68"]
[EventDate "2002.12.02"]

1. e4 e6 2. d4 d5 3. Nd2 c5 4. exd5 exd5 5. Bb5+ Bd7 6. Qe2+ Be7 7. dxc5 Nf6 8.
Nb3 O-O 9. Be3 a5 10. a4 Na6 11. h3 Re8 12. Nf3 Nxc5 13. Nbd4 Bd6 14. O-O Bf4
15. Rfd1 Bxe3 16. fxe3 Qc7 17. Ra3 Re7 18. Bxd7 Rxd7 19. Qb5 Nfe4 20. Nb3 Nxb3
21. Qxb3 Rad8 22. Nd4 Qg3 23. Qb5 Nf2 24. Ne2 Nxh3+ 25. Kh1 Nf2+ 26. Kg1 Qh4
27. Rf1 Ng4 28. Rf4 g5 29. Rf5 Rd6 30. Qxa5 b6 31. Qc3 Rh6 32. Kf1 Re8 33. Qc7
Nh2+ 34. Kg1 Qe1+ 0-1

[Event "XXIII Memorial Edoardo Crespi Open"]
[Site "Milano ITA"]
[Date "2002.12.04"]
[Round "4"]
[White "Porat, David"]
[Black "Vismara, Daniele"]
[Result "0-1"]
[WhiteElo "2195"]
[BlackElo "2246"]
[PlyCount "78"]
[EventDate "2002.12.02"]

1. d4 Nf6 2. c4 g6 3. Nc3 Bg7 4. e4 d6 5. h3 O-O 6. Bg5 Na6 7. Bd3 e5 8. d5 Qe8
9. Nge2 Nh5 10. Qd2 Bd7 11. g4 Nf6 12. Kf1 Nc5 13. Bc2 a5 14. Kg2 Kh8 15. Ng3
Ng8 16. f3 f6 17. Be3 b6 18. b3 Ne7 19. a3 f5 20. Bg5 Bf6 21. Bxf6+ Rxf6 22. b4
Nb7 23. Rhf1 f4 24. Nh1 g5 25. Nf2 Ng6 26. Nd3 h5 27. Kf2 Nh4 28. Qd1 Rh6 29.
Rh1 a4 30. Nb2 b5 31. cxb5 Qb8 32. Qg1 Kg7 33. Bxa4 Qa7+ 34. Ke2 Qd4 35. Rc1
Nxf3 36. Kxf3 hxg4+ 37. Ke2 f3+ 38. Ke1 Rxh3 39. Kf1 g3 0-1

[Event "XXIII Memorial Edoardo Crespi Open"]
[Site "Milano ITA"]
[Date "2002.12.04"]
[Round "4"]
[White "Qendro, Llambi"]
[Black "Drazic, Sinisa"]
[Result "1/2-1/2"]
[WhiteElo "2364"]
[BlackElo "2465"]
[PlyCount "84"]
[EventDate "2002.12.02"]

1. d4 Nf6 2. c4 g6 3. Nc3 d5 4. Bg5 Bg7 5. e3 c6 6. Nf3 O-O 7. cxd5 Nxd5 8. Be2
Be6 9. O-O h6 10. Bh4 Nd7 11. Nxd5 Bxd5 12. Qc2 Nf6 13. Bxf6 Bxf6 14. Bc4 Rc8
15. Bxd5 cxd5 16. Qb3 Qd7 17. Rfc1 e6 18. Qd1 Kg7 19. g3 Rfd8 20. Rxc8 Rxc8 21.
Rc1 Rc6 22. Rxc6 Qxc6 23. Qd2 b6 24. Ne1 Be7 25. Qc2 Qb5 26. Nd3 Bd6 27. b3 h5
28. h4 Qe8 29. Ne1 Qd7 30. Nf3 a5 31. a4 b5 32. axb5 Qxb5 33. Ne5 Qb8 34. Kg2
Qb7 35. Kg1 Kf8 36. Nd3 Ke7 37. Qc3 Qc7 38. Qxc7+ Bxc7 39. Kg2 f6 40. f4 Bd6
41. Kf3 Bb4 42. Ke2 Bd6 1/2-1/2

[Event "XXIII Memorial Edoardo Crespi Open"]
[Site "Milano ITA"]
[Date "2002.12.04"]
[Round "4"]
[White "Sanchez, Joseph"]
[Black "Zanetti, Alberto"]
[Result "0-1"]
[WhiteElo "2307"]
[BlackElo "2004"]
[PlyCount "68"]
[EventDate "2002.12.02"]

1. e4 c5 2. Nf3 e6 3. d4 cxd4 4. Nxd4 Nf6 5. Nc3 d6 6. Be3 a6 7. Qd2 Be7 8. f3
b5 9. O-O-O Bb7 10. g4 Nc6 11. g5 Nd7 12. h4 Rc8 13. Kb1 O-O 14. g6 Nxd4 15.
gxh7+ Kxh7 16. Bxd4 b4 17. Ne2 Ne5 18. Rg1 Bf6 19. Bg2 a5 20. f4 Nc4 21. Qd3 e5
22. Bh3 Ba6 23. Qf3 Qc7 24. fxe5 Na3+ 25. bxa3 Qxc2+ 26. Ka1 Bxe2 27. Bf5+ g6
28. Bxg6+ fxg6 29. Qg3 Qxe4 30. exf6 Rc1+ 31. Rxc1 Qxd4+ 32. Kb1 Bd3+ 33. Rc2
Rc8 34. Rgg2 Bxc2+ 0-1

[Event "XXIII Memorial Edoardo Crespi Open"]
[Site "Milano ITA"]
[Date "2002.12.04"]
[Round "4"]
[White "Sbarra, Marco"]
[Black "Dragojlovic, Andjelko"]
[Result "0-1"]
[WhiteElo "2220"]
[BlackElo "2324"]
[PlyCount "50"]
[EventDate "2002.12.02"]

1. e4 c5 2. Nf3 g6 3. d4 cxd4 4. Nxd4 Bg7 5. c4 Nc6 6. Be3 Nh6 7. Nc3 d6 8. Be2
O-O 9. O-O f5 10. exf5 Bxd4 11. Bxh6 Rxf5 12. Qd2 Qb6 13. Bd3 Rf7 14. Na4 Qb4
15. Qc2 Qa5 16. Bd2 Qh5 17. Bc3 Bf5 18. Rad1 e5 19. Qd2 Raf8 20. Bxd4 Nxd4 21.
Nc3 Bxd3 22. Qxd3 Rf4 23. Ne4 Qe2 24. f3 Qxd3 25. Rxd3 Rxe4 0-1

[Event "XXIII Memorial Edoardo Crespi Open"]
[Site "Milano ITA"]
[Date "2002.12.04"]
[Round "4"]
[White "Valenti, Giuseppe"]
[Black "Lapiccirella, Mattia"]
[Result "1/2-1/2"]
[WhiteElo "2230"]
[BlackElo "2193"]
[PlyCount "40"]
[EventDate "2002.12.02"]

1. e4 c5 2. Nf3 Nc6 3. d4 cxd4 4. Nxd4 Nf6 5. Nc3 d6 6. Bg5 e6 7. Qd2 a6 8.
O-O-O Nxd4 9. Qxd4 Be7 10. Bxf6 gxf6 11. f4 b5 12. Be2 Qa5 13. a3 Rb8 14. Na2
Qc7 15. f5 Qc5 16. Rhf1 Qxd4 17. Rxd4 Rg8 18. g3 Bb7 19. Nc3 Bc6 20. b4 Kd7
1/2-1/2

[Event "XXIII Memorial Edoardo Crespi Open"]
[Site "Milano ITA"]
[Date "2002.12.05"]
[Round "5"]
[White "Astengo, Corrado"]
[Black "Lebel, Patrick"]
[Result "0-1"]
[WhiteElo "2172"]
[BlackElo "2183"]
[PlyCount "108"]
[EventDate "2002.12.02"]

1. e4 b6 2. d4 Bb7 3. Nc3 e6 4. a3 Ne7 5. Nf3 d6 6. Bd3 Nd7 7. Bg5 h6 8. Be3 g6
9. Qd2 Bg7 10. h4 Nf6 11. O-O-O a6 12. Kb1 d5 13. exd5 Nexd5 14. Nxd5 Nxd5 15.
h5 g5 16. c4 Nxe3 17. Qxe3 O-O 18. Ne5 Qd6 19. f4 gxf4 20. Qxf4 c5 21. Qg4 cxd4
22. Rhe1 Rad8 23. Rd2 Qe7 24. Bc2 Qg5 25. Rxd4 Rxd4 26. Qxd4 Qd8 27. Qg4 Qg5
28. Qxg5 hxg5 29. Nd7 Rd8 30. Nxb6 Bd4 31. c5 Bxc5 32. Nc4 Bxg2 33. h6 Rd4 34.
h7+ Kg7 35. Ne5 Rh4 36. Nd7 Bd4 37. Nb8 a5 38. Na6 Rh1 39. Rxh1 Bxh1 40. Nc7
Bc6 41. b4 axb4 42. axb4 Bb6 43. b5 Bd7 44. Na8 Bd4 45. Nc7 g4 46. Be4 f5 47.
Bc6 g3 48. Bg2 Kxh7 49. Kc2 e5 50. Kd2 Kg6 51. Bf1 Bb6 52. Nd5 Bxb5 53. Bxb5 g2
54. Nf4+ exf4 0-1

[Event "XXIII Memorial Edoardo Crespi Open"]
[Site "Milano ITA"]
[Date "2002.12.05"]
[Round "5"]
[White "Astengo, Marcello"]
[Black "Mazzariol, Oscar"]
[Result "1-0"]
[WhiteElo "2092"]
[BlackElo "2141"]
[PlyCount "73"]
[EventDate "2002.12.02"]

1. d4 Nf6 2. Nf3 b6 3. Bf4 Bb7 4. Nbd2 e6 5. e3 Be7 6. Bd3 c5 7. c3 O-O 8. Qc2
cxd4 9. exd4 d6 10. O-O Nbd7 11. Rae1 Rc8 12. Re3 h6 13. h3 Nd5 14. Bg3 Nxe3
15. fxe3 Qc7 16. Qb3 a6 17. Bb1 b5 18. Qc2 Nf6 19. Nh4 Rfe8 20. Rf4 e5 21. Rxf6
Bxf6 22. Qh7+ Kf8 23. Nf5 g6 24. Nxh6 Bd5 25. e4 Be6 26. d5 Ke7 27. dxe6 Kxe6
28. Bc2 Qe7 29. Bd1 Kd7 30. Bg4+ Kc7 31. Qxf7 Bg5 32. Bxc8 Qxf7 33. Nxf7 Bxd2
34. Bxa6 Rf8 35. Nxd6 Kxd6 36. Bxb5 Be3+ 37. Kh2 1-0

[Event "XXIII Memorial Edoardo Crespi Open"]
[Site "Milano ITA"]
[Date "2002.12.05"]
[Round "5"]
[White "Barlocco, Carlo"]
[Black "Sbarra, Marco"]
[Result "1/2-1/2"]
[WhiteElo "2160"]
[BlackElo "2220"]
[PlyCount "82"]
[EventDate "2002.12.02"]

1. d4 d5 2. c4 e6 3. Nf3 c5 4. cxd5 exd5 5. Nc3 Nc6 6. g3 Nf6 7. Bg2 Be7 8. O-O
O-O 9. Bg5 cxd4 10. Nxd4 h6 11. Be3 Re8 12. Rc1 Bf8 13. Nb3 Be6 14. Bc5 Bxc5
15. Nxc5 Qb6 16. N3a4 Qc7 17. b4 a6 18. Qb3 Bg4 19. e3 Be2 20. Rfe1 Bc4 21. Qb1
Rab8 22. a3 b6 23. Rxc4 dxc4 24. Nxa6 Qa7 25. b5 Ne5 26. Nxb8 Qxa4 27. Nc6 Nd3
28. Re2 Qxa3 29. Ra2 Qc5 30. h3 Nd5 31. Bxd5 Qxd5 32. Ra8 Qd7 33. Qa2 Rxa8 34.
Qxa8+ Kh7 35. Nd4 Nb4 36. Qe4+ g6 37. Nc6 Qd1+ 38. Kg2 Nd3 39. Qxc4 Ne1+ 40.
Kh2 Nf3+ 41. Kg2 Ne1+ 1/2-1/2

[Event "XXIII Memorial Edoardo Crespi Open"]
[Site "Milano ITA"]
[Date "2002.12.05"]
[Round "5"]
[White "Brovelli, Claudio"]
[Black "Qendro, Llambi"]
[Result "0-1"]
[WhiteElo "2180"]
[BlackElo "2364"]
[PlyCount "164"]
[EventDate "2002.12.02"]

1. d4 g6 2. e4 Bg7 3. Nf3 d6 4. c4 Bg4 5. Nc3 Nc6 6. d5 Nd4 7. Qa4+ Bd7 8. Qd1
c5 9. Be2 e5 10. dxe6 fxe6 11. Be3 e5 12. h4 Nf6 13. Bg5 h6 14. Bxf6 Bxf6 15.
h5 g5 16. Nh2 O-O 17. Bg4 Bg7 18. f3 a6 19. a4 Bxg4 20. Nxg4 Qb6 21. Ra2 Qb4
22. Ne3 g4 23. Nxg4 Qxc4 24. a5 Rf7 25. Ra4 Qe6 26. Nd5 Raf8 27. Ra3 Kh7 28.
Rh3 Rg8 29. Kd2 Bf8 30. Kc1 Be7 31. Kb1 Bd8 32. Qe1 Qe8 33. Qd2 Rg5 34. Nge3
Qb5 35. Ka2 Nc6 36. Nc3 Nb4+ 37. Ka1 Qd7 38. Ncd5 Nc6 39. Nf5 Rfxf5 40. exf5
Qxf5 41. Ne3 Qe6 42. g4 Nd4 43. Qd3+ Kh8 44. Qc4 Qxc4 45. Nxc4 Nc2+ 46. Ka2
Nxa3 47. Kxa3 Bc7 48. b4 d5 49. Ne3 cxb4+ 50. Kxb4 e4 51. Kc5 Bf4 52. Nxd5 e3
53. Rh1 Bg3 54. f4 Rxg4 55. Nxe3 Bf2 56. Rh3 Rxf4 57. Kd6 Bxe3 58. Rxe3 Kg7 59.
Re7+ Kf6 60. Rxb7 Ra4 61. Kd5 Kg5 62. Rb6 Rxa5+ 63. Ke4 Kxh5 64. Kf3 Kg5 65.
Rb8 h5 66. Kg3 h4+ 67. Kg2 Ra2+ 68. Kh3 Ra3+ 69. Kg2 a5 70. Ra8 a4 71. Kh2 Kg4
72. Rg8+ Kf4 73. Rh8 h3 74. Re8 Re3 75. Ra8 a3 76. Ra4+ Ke5 77. Ra8 Kd4 78. Rb8
Kc4 79. Ra8 Kb3 80. Ra7 a2 81. Rb7+ Kc2 82. Ra7 Kb2 0-1

[Event "XXIII Memorial Edoardo Crespi Open"]
[Site "Milano ITA"]
[Date "2002.12.05"]
[Round "5"]
[White "Contin, Daniel"]
[Black "Maksimenko, Andrei"]
[Result "1-0"]
[WhiteElo "2330"]
[BlackElo "2507"]
[PlyCount "81"]
[EventDate "2002.12.02"]

1. c4 c6 2. e4 e5 3. Nc3 Nf6 4. Nf3 d6 5. d4 Nbd7 6. g3 g6 7. Bg2 Bg7 8. O-O
O-O 9. h3 a6 10. a4 a5 11. Be3 exd4 12. Nxd4 Re8 13. Qc2 Nc5 14. Rad1 Nfd7 15.
Rfe1 Qb6 16. f4 Qb4 17. Na2 Qxa4 18. b3 Qa3 19. e5 a4 20. b4 dxe5 21. Bf2 Nb3
22. Nxc6 bxc6 23. Bxc6 Rb8 24. Ba7 Rxb4 25. Bxd7 Bxd7 26. Rxd7 Na1 27. Rxa1 Rb3
28. Bf2 exf4 29. Re1 Rxe1+ 30. Bxe1 Rb2 31. Qe4 Rxa2 32. Qe8+ Qf8 33. Rd8 Ra1
34. Qd7 fxg3 35. Rxf8+ Bxf8 36. Qe8 a3 37. Kg2 a2 38. Bb4 Rg1+ 39. Kf3 Rf1+ 40.
Kxg3 Rg1+ 41. Kh4 1-0

[Event "XXIII Memorial Edoardo Crespi Open"]
[Site "Milano ITA"]
[Date "2002.12.05"]
[Round "5"]
[White "Crippa, Gabriele"]
[Black "Valenti, Giuseppe"]
[Result "1-0"]
[WhiteElo "2118"]
[BlackElo "2230"]
[PlyCount "56"]
[EventDate "2002.12.02"]

1. d4 Nf6 2. Nf3 e6 3. Bg5 h6 4. Bh4 c5 5. e3 Qb6 6. Qc1 Nc6 7. c3 Be7 8. Nbd2
d5 9. Bd3 Bd7 10. Rb1 Rc8 11. O-O a5 12. Qe1 a4 13. Ne5 Nxe5 14. dxe5 Ng4 15.
Bg3 Qc7 16. Nf3 h5 17. h3 h4 18. Bf4 Nh6 19. e4 dxe4 20. Bxe4 Bb5 21. Rd1 Bxf1
22. Qxf1 c4 23. Bc2 Ra8 24. a3 Nf5 25. Bxf5 exf5 26. Rd4 Qb6 27. Qxc4 O-O 28.
Rd7 Rfc8 1-0

[Event "XXIII Memorial Edoardo Crespi Open"]
[Site "Milano ITA"]
[Date "2002.12.05"]
[Round "5"]
[White "Dragojlovic, Andjelko"]
[Black "Lazic, Miroljub"]
[Result "1/2-1/2"]
[WhiteElo "2324"]
[BlackElo "2461"]
[PlyCount "28"]
[EventDate "2002.12.02"]

1. e4 e5 2. Nc3 Nf6 3. Bc4 Bc5 4. d3 Nc6 5. Bg5 h6 6. Bh4 d6 7. Na4 Bb6 8. Nxb6
axb6 9. f3 Qe7 10. Ne2 Be6 11. Nc3 g5 12. Bf2 O-O-O 13. Nd5 Bxd5 14. Bxd5 Qd7
1/2-1/2

[Event "XXIII Memorial Edoardo Crespi Open"]
[Site "Milano ITA"]
[Date "2002.12.05"]
[Round "5"]
[White "Drazic, Sinisa"]
[Black "Popa, Florin"]
[Result "1-0"]
[WhiteElo "2465"]
[BlackElo "2193"]
[PlyCount "97"]
[EventDate "2002.12.02"]

1. d4 d5 2. Bg5 Bf5 3. e3 c6 4. Bd3 Bxd3 5. Qxd3 Nd7 6. Nf3 Qb6 7. b3 e6 8. O-O
f5 9. c4 Ngf6 10. a4 a6 11. c5 Qd8 12. b4 h6 13. Bxf6 Qxf6 14. Nbd2 Kf7 15.
Rab1 Be7 16. b5 axb5 17. axb5 Rhc8 18. bxc6 bxc6 19. Rb7 Ke8 20. g3 g5 21. h3
e5 22. dxe5 Nxe5 23. Nxe5 Qxe5 24. Nf3 Qf6 25. Nd4 f4 26. exf4 Rab8 27. fxg5
hxg5 28. Rxb8 Rxb8 29. Re1 Kd7 30. Qh7 Rf8 31. Nf5 Rf7 32. Qxf7 Qxf7 33. Rxe7+
Qxe7 34. Nxe7 Kxe7 35. f4 Kf6 36. fxg5+ Kxg5 37. Kf2 Kf5 38. h4 Kg4 39. Ke3 Kf5
40. h5 Kg5 41. g4 Kf6 42. Kf4 Kf7 43. Kf5 Kg7 44. g5 Kg8 45. g6 Kg7 46. Ke5 Kf8
47. h6 Kg8 48. g7 Kh7 49. Kf5 1-0

[Event "XXIII Memorial Edoardo Crespi Open"]
[Site "Milano ITA"]
[Date "2002.12.05"]
[Round "5"]
[White "Facchetti, Gianni"]
[Black "Porat, David"]
[Result "0-1"]
[WhiteElo "2160"]
[BlackElo "2195"]
[PlyCount "82"]
[EventDate "2002.12.02"]

1. e4 c5 2. Nf3 d6 3. d4 cxd4 4. Qxd4 a6 5. Be3 Nc6 6. Qd2 Nf6 7. Nc3 g6 8. Be2
Bg7 9. O-O O-O 10. Nd4 d5 11. Nxc6 bxc6 12. Rfd1 Bb7 13. Bf3 Qc7 14. Bh6 Rfd8
15. Bxg7 Kxg7 16. Qe3 e5 17. Qc5 Nd7 18. Nxd5 Qc8 19. Qd6 cxd5 20. exd5 Qc5 21.
Qxc5 Nxc5 22. b4 Na4 23. c4 Rac8 24. Rdc1 a5 25. a3 Nb6 26. Be2 a4 27. f3 Ba6
28. b5 Bb7 29. Kf2 Rc5 30. Bd1 Rdc8 31. d6 Rd8 32. Rab1 Rxd6 33. Rb4 Rd2+ 34.
Kg3 Nd5 35. Bxa4 Nxb4 36. axb4 Rc8 37. c5 Ra2 38. Bb3 Rb2 39. Rc3 Rd8 40. c6
Rdd2 41. Bc2 Bxc6 0-1

[Event "XXIII Memorial Edoardo Crespi Open"]
[Site "Milano ITA"]
[Date "2002.12.05"]
[Round "5"]
[White "Gandolfi, Gianfranco"]
[Black "Bozzali, Ermanno"]
[Result "1-0"]
[WhiteElo "2007"]
[BlackElo "2135"]
[PlyCount "149"]
[EventDate "2002.12.02"]

1. e4 c5 2. Nf3 Nc6 3. d4 cxd4 4. Nxd4 Qb6 5. Nb3 Nf6 6. Nc3 e6 7. a3 a6 8. Be3
Qc7 9. f4 d6 10. Be2 b5 11. O-O Bb7 12. Qe1 b4 13. axb4 d5 14. e5 Nd7 15. b5
Nb4 16. Qd2 axb5 17. Rxa8+ Bxa8 18. Bxb5 Be7 19. Ra1 O-O 20. Ra7 Bb7 21. Bxd7
Qxd7 22. Na5 Rb8 23. Nxb7 Rxb7 24. Ra8+ Bd8 25. Na4 Qc7 26. Qc3 Rb8 27. Qxc7
Bxc7 28. Rxb8+ Bxb8 29. c3 Nd3 30. b4 g5 31. g3 gxf4 32. gxf4 f6 33. exf6 Kf7
34. Kf1 Kxf6 35. Nc5 Nxc5 36. bxc5 Kf5 37. c6 Bc7 38. Kg2 Ke4 39. Kf2 h5 40.
Ke2 h4 41. h3 Ba5 42. Bg1 d4 43. cxd4 Kd5 44. Bf2 Kxc6 45. Bxh4 Kd7 46. Bf6 Ke8
47. Kf3 Kf7 48. Be5 Kg6 49. Kg4 Bd8 50. h4 Be7 51. h5+ Kh6 52. f5 exf5+ 53.
Kxf5 Kxh5 54. Ke6 Bb4 55. Bd6 Bc3 56. d5 Kg6 57. Bc5 Bf6 58. Be7 Bc3 59. d6 Ba5
60. d7 Bb6 61. Kd6 Kf7 62. Bh4 Ba5 63. Be1 Bd8 64. Bf2 Ba5 65. Ba7 Bd8 66. Bb8
Bh4 67. Kc6 Ke6 68. Bd6 Bg5 69. Kc7 Bh4 70. Bh2 Bg5 71. Kc8 Bh4 72. Bc7 Bg5 73.
Bd8 Bd2 74. Bh4 Ba5 75. Bg3 1-0

[Event "XXIII Memorial Edoardo Crespi Open"]
[Site "Milano ITA"]
[Date "2002.12.05"]
[Round "5"]
[White "Lapiccirella, Mattia"]
[Black "Sanchez, Joseph"]
[Result "1-0"]
[WhiteElo "2193"]
[BlackElo "2307"]
[PlyCount "65"]
[EventDate "2002.12.02"]

1. d4 d5 2. c4 c6 3. Nf3 Nf6 4. e3 e6 5. Nc3 Nbd7 6. Qc2 Bd6 7. b3 O-O 8. Be2
Qe7 9. O-O dxc4 10. bxc4 e5 11. Rd1 Re8 12. Rb1 e4 13. Nd2 Nf8 14. c5 Bc7 15.
Nc4 Ng6 16. Ba3 Ng4 17. h3 Nxf2 18. Kxf2 Qh4+ 19. Kg1 Qg3 20. Nd6 Bxd6 21. cxd6
Qxe3+ 22. Kh2 Bxh3 23. Qd2 Qxd2 24. Rxd2 Bc8 25. d5 Rd8 26. dxc6 bxc6 27. Nxe4
Bf5 28. Bf3 Ne5 29. Rc1 Rab8 30. Rc5 f6 31. Ra5 Nc4 32. Rxf5 Nxa3 33. Rc5 1-0

[Event "XXIII Memorial Edoardo Crespi Open"]
[Site "Milano ITA"]
[Date "2002.12.05"]
[Round "5"]
[White "Sareen, Vishal"]
[Black "Zanetti, Alberto"]
[Result "1-0"]
[WhiteElo "2335"]
[BlackElo "2004"]
[PlyCount "71"]
[EventDate "2002.12.02"]

1. e4 c5 2. Nc3 Nc6 3. Bb5 g6 4. Bxc6 dxc6 5. f4 e5 6. fxe5 Bg7 7. Nf3 Bg4 8.
O-O Bxe5 9. h3 h5 10. d3 Bd4+ 11. Kh1 Qc7 12. Ne2 Bxf3 13. Rxf3 Be5 14. Qf1 f6
15. Be3 b6 16. c3 O-O-O 17. d4 Bd6 18. dxc5 Bxc5 19. Bxc5 bxc5 20. Nf4 Re8 21.
Nxg6 Rh6 22. Nh4 Rxe4 23. Qa6+ Qb7 24. Qxb7+ Kxb7 25. Nf5 Re6 26. Nxh6 Nxh6 27.
Raf1 f5 28. R3f2 Kb6 29. Rf4 Rg6 30. Re1 Rd6 31. Re2 Rd5 32. Ref2 Re5 33. Kh2
a5 34. Rh4 Nf7 35. Rxh5 Nd6 36. g4 1-0

[Event "XXIII Memorial Edoardo Crespi Open"]
[Site "Milano ITA"]
[Date "2002.12.05"]
[Round "5"]
[White "Vismara, Daniele"]
[Black "Mrdja, Milan"]
[Result "1/2-1/2"]
[WhiteElo "2246"]
[BlackElo "2368"]
[PlyCount "73"]
[EventDate "2002.12.02"]

1. Nf3 d5 2. d4 c6 3. c4 Nf6 4. Nc3 a6 5. cxd5 cxd5 6. Bg5 e6 7. e3 Be7 8. Bd3
Nc6 9. Rc1 h6 10. Bh4 O-O 11. O-O Ne8 12. Bxe7 Nxe7 13. Bb1 Nd6 14. Qd3 g6 15.
Ne5 Bd7 16. f3 Be8 17. e4 Nb5 18. Ne2 Qb6 19. Qe3 Rd8 20. a4 Nd6 21. Qxh6 Nc4
22. Nxc4 dxc4 23. Rxc4 Qxb2 24. Qe3 b5 25. Rc7 Nc6 26. axb5 Qxb5 27. d5 exd5
28. Nc3 Qb8 29. Nxd5 Rxd5 30. exd5 Qxc7 31. dxc6 Bxc6 32. Rc1 Qb7 33. Qg5 Bd7
34. h4 Qb6+ 35. Kh2 Kg7 36. Qe5+ Qf6 37. Qxf6+ 1/2-1/2

[Event "XXIII Memorial Edoardo Crespi Open"]
[Site "Milano ITA"]
[Date "2002.12.05"]
[Round "6"]
[White "Astengo, Corrado"]
[Black "Bozzali, Ermanno"]
[Result "1-0"]
[WhiteElo "2172"]
[BlackElo "2135"]
[PlyCount "217"]
[EventDate "2002.12.02"]

1. e4 c5 2. Nf3 Nc6 3. d4 cxd4 4. Nxd4 Qb6 5. Nb3 Nf6 6. Nc3 e6 7. Bd3 d6 8.
O-O Be7 9. Kh1 a6 10. f4 Qc7 11. Qf3 Bd7 12. Be3 b5 13. a3 O-O 14. Rae1 Rac8
15. Bd2 Qb8 16. Nd5 Bd8 17. Nb4 Qa8 18. Bc3 Ne7 19. Qg3 Ng6 20. f5 Ne5 21. Bxe5
dxe5 22. Qxe5 a5 23. fxe6 fxe6 24. Na2 Bc7 25. Qg5 Nxe4 26. Qh4 Bc6 27. Nd4 Nf6
28. Nxc6 Qxc6 29. Nc3 e5 30. Bxb5 Qc5 31. Bc4+ Kh8 32. Bd3 h6 33. h3 Rcd8 34.
Rf3 Rd4 35. Qf2 Bb6 36. Qe2 Re8 37. Re3 Rh4 38. Rxe5 Rxe5 39. Qxe5 Qf2 40. Rf1
Qd4 41. Qxd4 Bxd4 42. Na4 Kg8 43. Rf5 Ng4 44. Be2 Nf2+ 45. Kh2 Re4 46. Bf3 Re1
47. g3 Rc1 48. c3 Be3 49. Re5 Rc2 50. Bg2 Bc1 51. Re1 Nd3 52. Rf1 Bxb2 53. Nxb2
Rxb2 54. Kg1 Ne5 55. Rf5 Rb1+ 56. Kh2 Nd3 57. Bd5+ Kh7 58. Be4 Rb2+ 59. Rf2+ g6
60. Rxb2 Nxb2 61. Bd5 Kg7 62. Kg2 Kf6 63. Kf3 Ke5 64. Bf7 g5 65. Bb3 Nd3 66.
Ke3 Nc5 67. Bc2 Kd5 68. Bd3 Nd7 69. c4+ Ke5 70. Be2 Nc5 71. Bf3 Ne6 72. Kd3
Nc5+ 73. Ke3 Nd7 74. Bc6 Nc5 75. Kf3 Ne6 76. Bd5 Nd4+ 77. Kg4 Nc2 78. a4 Kf6
79. Kh5 Kg7 80. c5 Nb4 81. Be4 Na6 82. c6 Nc7 83. Kg4 Kf6 84. h4 gxh4 85. Kxh4
Ne6 86. Kh5 Kg7 87. Bf5 Nc7 88. Bd7 Nd5 89. Kg4 Kf6 90. Kh5 Kg7 91. Bf5 Nc7 92.
Bc8 Nd5 93. Bd7 Nc7 94. Kg4 Kf6 95. Kf4 Na6 96. Ke4 Nc7 97. Kd4 Ke7 98. Kc5 Na8
99. Kb5 Kd8 100. Kxa5 Kc7 101. Kb5 Nb6 102. a5 Nd5 103. Kc5 Nc3 104. g4 Na4+
105. Kd5 Nb2 106. Ke5 Nc4+ 107. Kf6 Nxa5 108. Kg6 Nxc6 109. Bxc6 1-0

[Event "XXIII Memorial Edoardo Crespi Open"]
[Site "Milano ITA"]
[Date "2002.12.05"]
[Round "6"]
[White "Brovelli, Claudio"]
[Black "Barlocco, Carlo"]
[Result "1-0"]
[WhiteElo "2180"]
[BlackElo "2160"]
[PlyCount "99"]
[EventDate "2002.12.02"]

1. d4 Nc6 2. Nf3 d6 3. e4 Nf6 4. Nc3 Bg4 5. Be3 e6 6. Be2 Be7 7. O-O O-O 8. a4
d5 9. e5 Nd7 10. h3 Bf5 11. Nb5 Na5 12. c3 a6 13. Na3 c5 14. dxc5 Nc6 15. Nd4
Bg6 16. Nxc6 bxc6 17. b4 Nxe5 18. Nc2 Nd7 19. Nd4 Qc7 20. f4 Be4 21. Bd3 Bxd3
22. Qxd3 Nf6 23. Nf3 Ne4 24. Nd2 f5 25. Nf3 Bf6 26. Nd4 Qd7 27. Rab1 e5 28.
fxe5 Bxe5 29. c4 Kh8 30. Nf3 Bf6 31. cxd5 Nc3 32. d6 Nxb1 33. Rxb1 Rfe8 34. Bd4
Bxd4+ 35. Nxd4 Re5 36. Nf3 Rd5 37. Qc4 Qe6 38. Re1 Qf6 39. Qxa6 Rf8 40. Qxc6
Rd3 41. Qb7 g5 42. Qe7 g4 43. Qxf6+ Rxf6 44. hxg4 fxg4 45. Ne5 Rd4 46. Nxg4
Rxg4 47. d7 Rf8 48. Re8 Rgg8 49. Rxf8 Rxf8 50. c6 1-0

[Event "XXIII Memorial Edoardo Crespi Open"]
[Site "Milano ITA"]
[Date "2002.12.05"]
[Round "6"]
[White "Lazic, Miroljub"]
[Black "Sareen, Vishal"]
[Result "1/2-1/2"]
[WhiteElo "2461"]
[BlackElo "2335"]
[PlyCount "30"]
[EventDate "2002.12.02"]

1. Nf3 d5 2. b3 Nf6 3. Bb2 e6 4. e3 Be7 5. d4 O-O 6. Nbd2 c5 7. Bd3 Nc6 8. a3
b6 9. O-O Bb7 10. Qe2 cxd4 11. exd4 Qc7 12. Rfe1 Bd6 13. Ne5 Rac8 14. c4 dxc4
15. bxc4 Ne7 1/2-1/2

[Event "XXIII Memorial Edoardo Crespi Open"]
[Site "Milano ITA"]
[Date "2002.12.05"]
[Round "6"]
[White "Lebel, Patrick"]
[Black "Sbarra, Marco"]
[Result "1/2-1/2"]
[WhiteElo "2183"]
[BlackElo "2220"]
[PlyCount "35"]
[EventDate "2002.12.02"]

1. d4 d5 2. Nf3 e6 3. Bf4 c5 4. e3 Nc6 5. c3 Nf6 6. Nbd2 Bd6 7. Bg3 Qe7 8. Bd3
Bxg3 9. hxg3 e5 10. dxe5 Nxe5 11. Nxe5 Qxe5 12. Bb5+ Bd7 13. Bxd7+ Nxd7 14. Rh5
Qe6 15. Qb3 Nf6 16. Qb5+ Qc6 17. Re5+ Kf8 18. Qxc6 1/2-1/2